| 000 | 00446nam a2200205Ia 4500 | ||
|---|---|---|---|
| 001 | 13137 | ||
| 003 | GE_BSU | ||
| 008 | 181216s||||||||xx |||||||||||||| ||und|| | ||
| 020 | _a0751505188 | ||
| 040 | _cGE_BSU | ||
| 080 | _a821.111-3 | ||
| 100 | _aBlair,Emma. | ||
| 245 | 4 | _aThe blackbird's tale. | |
| 260 | _aLondon. | ||
| 260 | _bWarner Books. | ||
| 260 | _c1989 | ||
| 300 | _a571p;18cm. | ||
| 653 | _aThe blackbird's tale. | ||
| 942 | _cBK | ||
| 999 |
_c46301 _d46301 |
||